Регионална библиотека "Любен Каравелов" - Русе

Парфюмът на рая (Запис номер 1888)

MARC детайли
000 -Лидер
Контролно поле с фиксирана дължина 01159nam a2200313 c 4500
003 - Код на организацията, давaща контролен номер
Контролно поле BLK
005 - Дата и час на последна редакция
Контролно поле 20180420213441.0
008 - Елементи от данни с фиксирана дължина
fixed length control field 180412b bul|||||r ||||||| ||bul||
010 ## - Наследен системен номер
LC control number KNG00002798000
020 ## - Международен стандартен номер на книга ISBN
Международен стандартен номер на книга ISBN 954-455-020-0
-- издат.: Ирис
040 ## - Източник на каталожния запис
Идентификатор на билиотеката - собственик на записа BLK
041 ## - Код за език
Код за езика на текст/звукозапис или на отделно заглавие Български
Код за езика КДБФ Български
080 ## - УДК
Текстов определител УДК Американска литература (на САЩ)
УДК код - определител по УДК 821.111(73)
УДК определител -31
УДК - код + определител 821.111(73)-31
100 1# - Редна дума - Автор
Автор Блейк, Дженифър
Авторска отговорност първи автор
R(LIN) 244964
139 ## - Редно поле
Редна дума Блейк, Дженифър
Авторски знак Бле - Б 48
245 10 - Сведения за заглавието
Заглавие Парфюмът на рая
Подзаглавни данни Роман
Редно поле (дума) Дженифър Блейк; прев. от англ. Евгения Дебелянова.
257 ## - Страна на издаване
Страна на създаване/издаване Съединени американски щати
260 ## - Област на издателските данни
-- София
Име на издателя, разпространителя и проч. Ирис
Година на издаване 1994
300 ## - Физическа характеристика
Страници 381 с.
Размери/Мащаб 20 см
380 ## - Жанр
Жанр Худож. лит.
490 1# - СЕРИИ (Колекции)
Име на серия Исторически любовни романи
500 ## - Общи забележки
Забележка Ориг. загл. Perfume of paradise / Jennifer Blake. - 15 000 тир.
700 1# - Други автори (авторска отговорност)
Лично име Дебелянова, Евгения
Автороска отговорност (Описва отношението между автора и произведението) прев. от англ.
9 (RLIN) 59212
852 ## - Местоположение
Форматна сигнатура Цб 179762
856 4# - Електронен адрес и достъп
Електронен формат pdf - файл
Път до файла /url/
856 4# - Електронен адрес и достъп
Електронен формат pdf - файл
Път до файла /url/
942 ## - АРТИКУЛИ
Вид на библиотечния материал Книги
Скрит в OPAC Не
944 ## - СЪЗДАВАНЕ И РЕДАКЦИЯ на ЗАПИСА
Създаване/Редакция Създаване
Дата на регистрацията/редакция 15.01.2003
Служител, извършил регистрацията/редакцията AB_DOS
944 ## - СЪЗДАВАНЕ И РЕДАКЦИЯ на ЗАПИСА
Създаване/Редакция Редакция
Дата на регистрацията/редакция 25.09.2012
Служител, извършил регистрацията/редакцията
999 ## - СИСТЕМНИ КОНТРОЛНИ НОМЕРА
Koha biblionumber 1888
Koha biblioitemnumber 1888
Наличности
Код за отписване Код за изгубен артикул Източник на класификационната схема Код за повреда Коз за рестрикции Код за отдаване Артикулен № Име на библиотеката - собственик Име на библиотеката, в която се намира в момента Статус (Текущо местоположение) Дата на вписване в системата Местоположение - отдел Цена в лева Инвентарен номер Систематично азбучна сигнатура Баркод Номер на екземпляра Цена в евро Служебна бележка Служебен тип на артикула
Изтеглен Не е изгубен Universal Decimal Classification Не е повреден без рестрикции заемане за дома 3566 Регионална библиотека "Любен Каравелов" Русе Регионална библиотека "Любен Каравелов" Русе Заемна - подръчен фонд 2001-01-01 Заемна - подръчен фонд 1.20 629889 Цб 179762 629889 1 0.61 Дост: Pk Вид: Ф N: стар фонд Дата: 01.01.1994 Книги
  Не е изгубен Universal Decimal Classification Не е повреден без рестрикции ползва се в читалня 3567 Регионална библиотека "Любен Каравелов" Русе Регионална библиотека "Любен Каравелов" Русе Хранилище 1994-01-01 Хранилище 1.20 603819 Цб 179762 120000603819 2 0.61 Дост: Dp Вид: Д N: 25 Дата: 01.01.1994 Дата инв: 09.06.2015 Бележки инв: Цб2015 Книги
Vip Innovations Ltd, Rousse, Bulgaria 2025